| 000 | 00436nas a22001697a 4500 | ||
|---|---|---|---|
| 003 | koha_MIRAKIL | ||
| 005 | 20231213100413.0 | ||
| 008 | 231213b |||||||| |||| 00| 0 ||| d | ||
| 022 | _a2458-9802 | ||
| 040 |
_aTR-IsEVY _btur _cTR-IsEVY |
||
| 082 | _aPER | ||
| 245 | 0 |
_aUçurtma _bÇocuk dergisi |
|
| 300 | _a50 s. | ||
| 650 | _aDergiler -- Çocuk dergileri. | ||
| 650 | _aPeriodicals -- Children's periodicals. | ||
| 942 |
_2ddc _cSR |
||
| 999 |
_c19390 _d19390 |
||